Hard South Park Quiz - Statistics

General Stats
  • This quiz has been taken 106 times
  • The average score is 7 of 15
Answer Stats
Hint Answer % Correct
What country does Terrance and Phillip come from? Canada
94%
Mr. Garrison’s puppet who has a mind of its own. Mr. Hat
84%
What religion does Kyle belong to? Judaism
79%
Who always says “Drugs are bad, m’kay”? Mr. Mackey
79%
What’s the name of the Christmas poo? Mr. Hankey
77%
What’s Cartman’s superhero alter ego? The Coon
74%
Cartman’s favorite snack Cheesy Poofs
61%
Who is Eric Cartman's REAL father? Jack Tenorman
36%
What does Cartman freeze himself to avoid waiting for in the episode Go God Go? The Nintendo Wii
34%
Name of the goth girl introduced in Season 17. Henrietta
32%
What celebrity is trapped in the closet with Tom Cruise? R. Kelly
32%
What is Kenny’s younger sibling’s name? Karen McCormick
29%
What do the boys call their makeshift news show in the early seasons? Super School News
12%
Name of the restaurant Randy opens when he buys a farm. Tegridy Burgers
5%
Who killed Kenny in the South Park movie? The American government
0%
No matching quizzes found
Score Distribution
Percent of People with Each Score
Percentile by Number Answered
Your Score History
You have not taken this quiz